[Event "Jacques Jaudran mem prel2 corr"]
[Site "France AJEC"]
[Date "2000.??.??"]
[Round "?"]
[White "Cebollero, Daniel"]
[Black "Cassel, Jean Jacques"]
[Result "1-0"]
[WhiteElo "1942"]
[BlackElo "1920"]
[PlyCount "73"]
[EventDate "2000.11.15"]
[EventType "swiss (corr)"]
[EventRounds "8"]
[EventCountry "FRA"]
[SourceTitle "Corr 2004"]
[Source "ChessBase"]
[SourceDate "2003.04.28"]
[SourceVersion "3"]
[SourceVersionDate "2003.04.28"]
[SourceQuality "1"]

1. d4 d5 2. c4 dxc4 3. Nc3 e5 4. d5 c6 5. e4 Nf6 6. Bg5 Bb4 7. Bxf6 Qa5 8. Bxe5 f6 9. Bd4 c5 10. a3 cxd4 11. axb4 Qxb4 12. Qxd4 b5 13. Rb1 Bd7 14. b3 Qa5 15. bxc4 b4 16. Nd1 b3+ 17. Qc3 Qxc3+ 18. Nxc3 a5 19. Rxb3 a4 20. Rb1 Na6 21. Bd3 Nc5 22. Bc2 0-0 23. Nge2 a3 24. 0-0 Ba4 25. Bxa4 Nxa4 26. Nxa4 Rxa4 27. Rfc1 a2 28. Ra1 Rd8 29. f3 g5 30. c5 Kf7 31. c6 Ke7 32. Nc3 Ra5 33. Rxa2 Rxa2 34. Nxa2 Kd6 35. Nb4 Kc7 36. Na6+ Kc8 37. Rb1 1-0

[Event "Jacques Jaudran mem prel2 corr"]
[Site "France AJEC"]
[Date "2000.??.??"]
[Round "?"]
[White "Vasseur, Olivier"]
[Black "Cassel, Jean Jacques"]
[Result "1/2-1/2"]
[WhiteElo "2149"]
[BlackElo "1920"]
[PlyCount "45"]
[EventDate "2000.11.15"]
[EventType "swiss (corr)"]
[EventRounds "8"]
[EventCountry "FRA"]
[SourceTitle "Corr 2004"]
[Source "ChessBase"]
[SourceDate "2003.04.28"]
[SourceVersion "3"]
[SourceVersionDate "2003.04.28"]
[SourceQuality "1"]

1. e4 c5 2. Nf3 d6 3. d4 cxd4 4. Nxd4 Nf6 5. Nc3 a6 6. Bg5 e6 7. f4 Be7 8. Qd2 Qc7 9. Nf3 Nbd7 10. 0-0-0 b5 11. a3 Rb8 12. Qd4 Nb6 13. e5 dxe5 14. fxe5 Nfd5 15. Bxe7 Qxe7 16. Bd3 Nxc3 17. Qxc3 Nd5 18. Qc6+ Kf8 19. Be4 Bb7 20. Qd6 Rd8 21. Qxe7+ Kxe7 22. Rhe1 h6 23. Rd2 1/2-1/2